[Event "Torneo Benidorm Gran Hotel Bali - B 2022"]
[Site "Benidorm ESP"]
[Date "2022.12.06"]
[Round "5.2"]
[White "Ramadugu, Akshay"]
[Black "Lorenzo Calvo, Damian Angel"]
[Result "1-0"]
[WhiteElo "1812"]
[BlackElo "1859"]
[PlyCount "93"]
[EventDate "2022.12.03"]
[EventType "swiss"]
[EventRounds "9"]
[EventCountry "ESP"]
[SourceTitle "Ajedrez en Madrid"]
[Source "lmi"]
[SourceDate "2022.12.03"]
[SourceVersion "1"]
[SourceVersionDate "2022.12.10"]
[SourceQuality "1"]

1. d4 {[%emt 0:03:01]} Nf6 {[%emt 0:00:16]} 2. c4 {[%emt 0:00:50]} c5 {[%emt 0:00:19]} 3. d5 {[%emt 0:00:04]} e6 {[%emt 0:00:11]} 4. Nc3 {[%emt 0:00:05]} exd5 {[%emt 0:00:21]} 5. cxd5 {[%emt 0:00:15]} g6 {[%emt 0:00:57]} 6. e4 {[%emt 0:00:07]} d6 {[%emt 0:00:31]} 7. f4 {[%emt 0:00:45]} Bg7 {[%emt 0:01:32]} 8. Bb5+ {[%emt 0:00:08]} Nfd7 {[%emt 0:00:09]} 9. Nf3 {[%emt 0:00:12]} O-O {[%emt 0:02:49]} 10. O-O {[%emt 0:01:07]} a6 {[%emt 0:00:50]} 11. Bd3 {[%emt 0:00:08]} b5 {[%emt 0:01:12]} 12. a3 {[%emt 0:00:17]} c4 {[%emt 0:00:54]} 13. Bc2 {[%emt 0:00:09]} Nc5 {[%emt 0:00:13]} 14. Be3 {[%emt 0:05:36]} f5 {[%emt 0:04:27]} 15. e5 {[%emt 0:06:30]} Nbd7 {[%emt 0:03:23]} 16. Bd4 {[%emt 0:12:38]} Qc7 {[%emt 0:04:32]} 17. Re1 {[%emt 0:04:19]} Re8 {[%emt 0:03:35]} 18. e6 {[%emt 0:09:50]} Nf6 {[%emt 0:02:23]} 19. h3 {[%emt 0:05:09]} Bb7 {[%emt 0:05:33]} 20. Ng5 {[%emt 0:02:51]} Nh5 {[%emt 0:06:14]} 21. Nf7 {[%emt 0:01:59]} Rac8 {[%emt 0:07:03]} 22. g4 {[%emt 0:19:06]} fxg4 {[%emt 0:03:22]} 23. hxg4 {[%emt 0:00:12]} Nf6 {[%emt 0:00:44]} 24. g5 {[%emt 0:01:24]} Nh5 {[%emt 0:00:15]} 25. f5 {[%emt 0:00:57]} Nd3 {[%emt 0:01:25]} 26. f6 {[%emt 0:02:16]} Nxe1 {[%emt 0:01:44]} 27. Qxe1 {[%emt 0:00:02]} Rf8 {[%emt 0:01:23]} 28. fxg7 {[%emt 0:00:53]} Rxf7 {[%emt 0:00:16]} 29. exf7+ {[%emt 0:00:04]} Qxf7 {[%emt 0:00:13]} 30. Qe6 {[%emt 0:04:20]} Nxg7 {[%emt 0:00:07]} 31. Qxf7+ {[%emt 0:00:51]} Kxf7 {[%emt 0:00:02]} 32. Rf1+ Kg8 {[%emt 0:00:17]} 33. Ne4 {[%emt 0:00:19]} Rd8 {[%emt 0:00:31]} 34. Bb6 {[%emt 0:00:30]} Rb8 {[%emt 0:00:31]} 35. Bc7 {[%emt 0:00:37]} Ra8 {[%emt 0:00:15]} 36. Bxd6 {[%emt 0:00:28]} Ne8 {[%emt 0:00:14]} 37. Rd1 {[%emt 0:01:22]} Rd8 {[%emt 0:00:10]} 38. Be7 {[%emt 0:00:38]} Rxd5 {[%emt 0:00:07]} 39. Rxd5 {[%emt 0:01:27]} Bxd5 {[%emt 0:00:01]} 40. Nf6+ {[%emt 0:01:37]} Nxf6 {[%emt 0:00:02]} 41. Bxf6 {[%emt 0:00:01]} Kf7 {[%emt 0:01:23]} 42. Bc3 {[%emt 0:00:22]} Ke6 {[%emt 0:00:46]} 43. Kf2 {[%emt 0:00:15]} Bh1 {[%emt 0:01:28]} 44. Ke3 {[%emt 0:00:47]} Kd5 {[%emt 0:00:23]} 45. Kf4 {[%emt 0:01:06]} Bg2 {[%emt 0:00:43]} 46. Bd1 {[%emt 0:00:34]} Ke6 {[%emt 0:00:08]} 47. Bg4+ {[%emt 0:00:15]} 1-0

[Event "Torneo Benidorm Gran Hotel Bali - B 2022"]
[Site "Benidorm ESP"]
[Date "2022.12.06"]
[Round "5.3"]
[White "Kushal, O."]
[Black "Dura Olmos, Gines Raul"]
[Result "1-0"]
[WhiteElo "1801"]
[BlackElo "1998"]
[PlyCount "65"]
[EventDate "2022.12.03"]
[EventType "swiss"]
[EventRounds "9"]
[EventCountry "ESP"]
[SourceTitle "Ajedrez en Madrid"]
[Source "lmi"]
[SourceDate "2022.12.03"]
[SourceVersion "1"]
[SourceVersionDate "2022.12.10"]
[SourceQuality "1"]

1. e4 {[%emt 0:04:00]} g6 {[%emt 0:00:17]} 2. d4 {[%emt 0:00:04]} Bg7 {[%emt 0:00:05]} 3. Nc3 {[%emt 0:00:03]} c5 {[%emt 0:00:51]} 4. dxc5 {[%emt 0:00:02]} Bxc3+ {[%emt 0:00:09]} 5. bxc3 {[%emt 0:00:02]} Nf6 {[%emt 0:00:06]} 6. e5 {[%emt 0:00:22]} Ne4 {[%emt 0:00:14]} 7. Bc4 {[%emt 0:00:20]} Nxc5 {[%emt 0:02:27]} 8. Qd5 {[%emt 0:01:09]} Ne6 {[%emt 0:00:50]} 9. Nf3 {[%emt 0:00:03]} Nc6 {[%emt 0:02:15]} 10. Qe4 {[%emt 0:01:15]} Qa5 {[%emt 0:08:12]} 11. O-O {[%emt 0:02:54]} b6 {[%emt 0:04:41]} 12. Bd5 {[%emt 0:09:07]} Bb7 {[%emt 0:06:06]} 13. c4 {[%emt 0:00:29]} O-O-O {[%emt 0:02:21]} 14. Bd2 {[%emt 0:00:28]} Qa3 {[%emt 0:01:05]} 15. Rab1 {[%emt 0:03:56]} Nc5 {[%emt 0:00:14]} 16. Qe2 {[%emt 0:00:06]} Ne6 {[%emt 0:09:39]} 17. Be3 {[%emt 0:02:19]} f6 {[%emt 0:07:42]} 18. Rb3 {[%emt 0:01:10]} Qa6 {[%emt 0:00:50]} 19. Rfb1 {[%emt 0:01:26]} Na5 {[%emt 0:02:27]} 20. Bxb7+ {[%emt 0:06:35]} Kxb7 {[%emt 0:00:16]} 21. Rb5 {[%emt 0:05:06]} Rc8 {[%emt 0:03:05]} 22. Qd3 {[%emt 0:02:33]} Nxc4 {[%emt 0:11:39]} 23. Qxd7+ {[%emt 0:00:43]} Nc7 {[%emt 0:00:02]} 24. Qxe7 {[%emt 0:07:10]} Rhe8 {[%emt 0:01:07]} 25. Qxh7 {[%emt 0:01:21]} Ka8 {[%emt 0:02:44]} 26. R5b3 {[%emt 0:01:00]} Qxa2 {[%emt 0:12:28]} 27. Qxg6 {[%emt 0:01:26]} Na5 {[%emt 0:01:52]} 28. Qe4+ {[%emt 0:00:41]} Nb7 {[%emt 0:00:02]} 29. Bxb6 {[%emt 0:01:10]} axb6 {[%emt 0:03:29]} 30. Rxb6 {[%emt 0:00:11]} Qd5 {[%emt 0:00:58]} 31. Qxd5 {[%emt 0:01:51]} Nxd5 {[%emt 0:00:03]} 32. Rxb7 {[%emt 0:00:04]} Rxc2 {[%emt 0:00:16]} 33. R7b5 {[%emt 0:02:52]} 1-0

[Event "Torneo Benidorm Gran Hotel Bali - B 2022"]
[Site "Benidorm ESP"]
[Date "2022.12.06"]
[Round "5.4"]
[White "Castrillon Otero, Javier"]
[Black "Donate Moreno, David"]
[Result "1-0"]
[WhiteElo "1972"]
[BlackElo "1891"]
[PlyCount "51"]
[EventDate "2022.12.03"]
[EventType "swiss"]
[EventRounds "9"]
[EventCountry "ESP"]
[SourceTitle "Ajedrez en Madrid"]
[Source "lmi"]
[SourceDate "2022.12.03"]
[SourceVersion "1"]
[SourceVersionDate "2022.12.10"]
[SourceQuality "1"]

1. d4 {[%emt 0:00:01]} Nf6 {[%emt 0:00:10]} 2. c4 {[%emt 0:01:09]} c5 {[%emt 0:00:09]} 3. d5 {[%emt 0:00:10]} b5 {[%emt 0:00:10]} 4. cxb5 {[%emt 0:00:08]} a6 {[%emt 0:00:09]} 5. bxa6 {[%emt 0:00:03]} g6 {[%emt 0:00:42]} 6. Nc3 {[%emt 0:00:04]} Bg7 {[%emt 0:01:11]} 7. e4 {[%emt 0:00:21]} O-O {[%emt 0:00:19]} 8. Nf3 {[%emt 0:04:24]} Qa5 {[%emt 0:02:51]} 9. Bd2 {[%emt 0:02:15]} d6 {[%emt 0:03:15]} 10. Be2 {[%emt 0:03:36]} Bxa6 {[%emt 0:00:39]} 11. O-O {[%emt 0:00:21]} Nbd7 {[%emt 0:01:37]} 12. a4 {[%emt 0:04:23]} Rfc8 {[%emt 0:09:18]} 13. Nb5 {[%emt 0:03:14]} Qb6 {[%emt 0:02:25]} 14. Qc2 {[%emt 0:00:13]} Ng4 {[%emt 0:11:45]} 15. Bc3 {[%emt 0:01:42]} Nge5 {[%emt 0:01:36]} 16. Nxe5 {[%emt 0:08:06]} Nxe5 {[%emt 0:03:53]} 17. f4 {[%emt 0:02:20]} Nd3 {[%emt 0:07:59]} 18. Bxg7 {[%emt 0:02:54]} Bxb5 {[%emt 0:01:32]} 19. Bxd3 {[%emt 0:16:27]} c4+ {[%emt 0:08:35]} 20. Qf2 {[%emt 0:00:11]} Qxf2+ {[%emt 0:00:08]} 21. Kxf2 {[%emt 0:00:24]} cxd3 {[%emt 0:01:36]} 22. axb5 {[%emt 0:04:51]} Rc2+ {[%emt 0:00:33]} 23. Ke3 {[%emt 0:00:54]} Rxa1 {[%emt 0:00:04]} 24. Rxa1 {[%emt 0:00:02]} d2 {[%emt 0:00:07]} 25. Bc3 {[%emt 0:00:55]} Rc1 {[%emt 0:01:31]} 26. Ra8# {[%emt 0:00:08]} 1-0

[Event "Torneo Benidorm Gran Hotel Bali - B 2022"]
[Site "Benidorm ESP"]
[Date "2022.12.06"]
[Round "5.5"]
[White "Barba Rios, Enric"]
[Black "Ferro Martinez, Damian"]
[Result "0-1"]
[WhiteElo "1883"]
[BlackElo "1911"]
[PlyCount "84"]
[EventDate "2022.12.03"]
[EventType "swiss"]
[EventRounds "9"]
[EventCountry "ESP"]
[SourceTitle "Ajedrez en Madrid"]
[Source "lmi"]
[SourceDate "2022.12.03"]
[SourceVersion "1"]
[SourceVersionDate "2022.12.10"]
[SourceQuality "1"]

1. e4 {[%emt 0:02:33]} c6 {[%emt 0:00:12]} 2. Nf3 {[%emt 0:05:28]} d5 {[%emt 0:00:08]} 3. exd5 {[%emt 0:01:33]} cxd5 {[%emt 0:00:05]} 4. d4 {[%emt 0:00:55]} Nc6 {[%emt 0:00:44]} 5. c3 {[%emt 0:02:53]} Qc7 {[%emt 0:01:34]} 6. h3 {[%emt 0:03:37]} Bf5 {[%emt 0:00:10]} 7. Bd3 {[%emt 0:01:33]} Bxd3 {[%emt 0:00:07]} 8. Qxd3 {[%emt 0:00:05]} e6 {[%emt 0:00:10]} 9. O-O {[%emt 0:00:55]} Bd6 {[%emt 0:02:18]} 10. Re1 {[%emt 0:04:37]} Nf6 {[%emt 0:00:42]} 11. Bg5 {[%emt 0:02:57]} Ne4 {[%emt 0:03:43]} 12. Nbd2 {[%emt 0:17:37]} h6 {[%emt 0:04:37]} 13. Be3 {[%emt 0:04:14]} f5 {[%emt 0:00:25]} 14. Ne5 {[%emt 0:02:03]} Bxe5 {[%emt 0:05:21]} 15. dxe5 {[%emt 0:03:20]} Nxe5 {[%emt 0:01:31]} 16. Qe2 {[%emt 0:01:45]} Nf7 {[%emt 0:05:08]} 17. Nxe4 {[%emt 0:15:50]} dxe4 {[%emt 0:13:15]} 18. Qb5+ {[%emt 0:00:47]} Qc6 {[%emt 0:08:45]} 19. Qxc6+ {[%emt 0:01:57]} bxc6 {[%emt 0:00:02]} 20. f3 {[%emt 0:01:20]} exf3 {[%emt 0:15:48]} 21. gxf3 O-O {[%emt 0:00:59]} 22. Rad1 {[%emt 0:00:59]} Ne5 {[%emt 0:03:34]} 23. Kf2 {[%emt 0:04:26]} Rfd8 {[%emt 0:00:11]} 24. Bd4 {[%emt 0:00:56]} Nc4 {[%emt 0:00:56]} 25. Rxe6 {[%emt 0:10:56]} c5 {[%emt 0:02:16]} 26. Rc6 {[%emt 0:00:06]} Nxb2 {[%emt 0:03:03]} 27. Rb1 {[%emt 0:00:36]} Rab8 {[%emt 0:02:34]} 28. Rxc5 {[%emt 0:02:00]} Nd3+ {[%emt 0:00:12]} 29. Ke3 {[%emt 0:00:46]} Nxc5 {[%emt 0:01:15]} 30. Rxb8 {[%emt 0:00:10]} Rxb8 {[%emt 0:02:39]} 31. Bxc5 a6 {[%emt 0:00:49]} 32. a4 {[%emt 0:01:26]} Kf7 {[%emt 0:00:27]} 33. a5 {[%emt 0:01:36]} Rc8 {[%emt 0:00:12]} 34. Bd4 {[%emt 0:02:05]} g5 {[%emt 0:00:19]} 35. f4 {[%emt 0:02:12]} g4 {[%emt 0:01:43]} 36. hxg4 {[%emt 0:02:28]} fxg4 {[%emt 0:00:07]} 37. f5 {[%emt 0:00:02]} Rd8 {[%emt 0:02:41]} 38. Bb6 {[%emt 0:02:17]} Rg8 {[%emt 0:01:36]} 39. Kf2 {[%emt 0:00:32]} Kf6 {[%emt 0:00:09]} 40. c4 {[%emt 0:00:08]} Kxf5 {[%emt 0:00:06]} 41. c5 {[%emt 0:00:02]} Rc8 {[%emt 0:00:31]} 42. Kg3 {[%emt 0:00:31]} Kg5 {[%emt 0:00:51]} 0-1

[Event "Torneo Benidorm Gran Hotel Bali - B 2022"]
[Site "Benidorm ESP"]
[Date "2022.12.06"]
[Round "5.6"]
[White "Penarrubia Blasco, Jose Alfredo"]
[Black "Anguas Fanlo, Sergio"]
[Result "0-1"]
[WhiteElo "1900"]
[BlackElo "1884"]
[PlyCount "30"]
[EventDate "2022.12.03"]
[EventType "swiss"]
[EventRounds "9"]
[EventCountry "ESP"]
[SourceTitle "Ajedrez en Madrid"]
[Source "lmi"]
[SourceDate "2022.12.03"]
[SourceVersion "1"]
[SourceVersionDate "2022.12.10"]
[SourceQuality "1"]

1. e4 {[%emt 0:00:03]} b6 {[%emt 0:00:12]} 2. Nc3 {[%emt 0:00:44]} Bb7 {[%emt 0:00:02]} 3. Nf3 {[%emt 0:01:20]} e6 {[%emt 0:00:03]} 4. d4 {[%emt 0:00:37]} Bb4 {[%emt 0:05:13]} 5. Bd3 {[%emt 0:01:24]} Nf6 {[%emt 0:02:39]} 6. Qe2 {[%emt 0:04:41]} d5 {[%emt 0:02:34]} 7. Bg5 {[%emt 0:18:10]} dxe4 {[%emt 0:12:19]} 8. Bxf6 {[%emt 0:12:25]} exd3 {[%emt 0:08:41]} 9. Bxd8 {[%emt 0:01:03]} dxe2 {[%emt 0:00:09]} 10. Bxc7 {[%emt 0:00:11]} Bxf3 {[%emt 0:04:26]} 11. gxf3 {[%emt 0:01:30]} Nc6 {[%emt 0:07:46]} 12. a3 {[%emt 0:02:20]} Ba5 {[%emt 0:13:25]} 13. Kxe2 {[%emt 0:24:26]} Nxd4+ {[%emt 0:01:02]} 14. Kd3 {[%emt 0:00:44]} Bxc3 {[%emt 0:00:43]} 15. Kxc3 {[%emt 0:05:05]} Nb5+ {[%emt 0:00:35]} 0-1

[Event "Torneo Benidorm Gran Hotel Bali - B 2022"]
[Site "Benidorm ESP"]
[Date "2022.12.06"]
[Round "5.7"]
[White "Romera Carrion, Ruben"]
[Black "Green, Per"]
[Result "1-0"]
[WhiteElo "1870"]
[BlackElo "1896"]
[PlyCount "117"]
[EventDate "2022.12.03"]
[EventType "swiss"]
[EventRounds "9"]
[EventCountry "ESP"]
[SourceTitle "Ajedrez en Madrid"]
[Source "lmi"]
[SourceDate "2022.12.03"]
[SourceVersion "1"]
[SourceVersionDate "2022.12.10"]
[SourceQuality "1"]

1. d4 {[%emt 0:01:28]} Nf6 {[%emt 0:00:17]} 2. c4 e6 {[%emt 0:00:17]} 3. Nc3 {[%emt 0:00:14]} Bb4 {[%emt 0:00:17]} 4. Qc2 {[%emt 0:00:06]} d5 {[%emt 0:00:24]} 5. cxd5 {[%emt 0:01:23]} exd5 {[%emt 0:00:13]} 6. e3 {[%emt 0:00:38]} O-O {[%emt 0:01:46]} 7. Bd3 {[%emt 0:01:22]} Re8 {[%emt 0:01:14]} 8. Nf3 {[%emt 0:00:06]} Nc6 {[%emt 0:01:25]} 9. O-O {[%emt 0:00:12]} Bg4 {[%emt 0:02:19]} 10. Nd2 {[%emt 0:02:38]} Bd6 {[%emt 0:02:39]} 11. h3 {[%emt 0:00:16]} Nb4 {[%emt 0:00:51]} 12. Qb1 {[%emt 0:00:08]} Nxd3 {[%emt 0:00:12]} 13. Qxd3 {[%emt 0:00:05]} Bh5 {[%emt 0:00:15]} 14. Nb5 {[%emt 0:03:28]} Bf8 {[%emt 0:02:22]} 15. b3 {[%emt 0:01:53]} c6 {[%emt 0:04:19]} 16. Nc3 {[%emt 0:08:22]} Bg6 {[%emt 0:01:07]} 17. Qe2 {[%emt 0:00:09]} Bd6 {[%emt 0:02:25]} 18. a4 {[%emt 0:02:02]} Qe7 {[%emt 0:01:36]} 19. Ndb1 {[%emt 0:06:32]} a5 {[%emt 0:03:22]} 20. Ba3 {[%emt 0:00:51]} Bxa3 {[%emt 0:01:05]} 21. Nxa3 {[%emt 0:01:24]} Qb4 {[%emt 0:01:10]} 22. Qb2 {[%emt 0:00:46]} Qd6 {[%emt 0:04:43]} 23. Nab1 {[%emt 0:00:58]} Ne4 {[%emt 0:01:09]} 24. Nd2 {[%emt 0:01:15]} Nxd2 {[%emt 0:02:34]} 25. Qxd2 {[%emt 0:00:05]} Bf5 {[%emt 0:01:26]} 26. Ne2 {[%emt 0:01:07]} h6 {[%emt 0:06:00]} 27. Ng3 {[%emt 0:04:29]} Bg6 {[%emt 0:00:38]} 28. Ne2 {[%emt 0:03:19]} Re7 {[%emt 0:02:18]} 29. Nf4 {[%emt 0:02:15]} Bf5 {[%emt 0:00:26]} 30. Nd3 {[%emt 0:03:17]} f6 {[%emt 0:05:22]} 31. Rfc1 {[%emt 0:03:48]} g5 {[%emt 0:07:34]} 32. Rc3 {[%emt 0:04:45]} Kg7 {[%emt 0:02:15]} 33. Rac1 {[%emt 0:04:04]} Qd8 {[%emt 0:05:06]} 34. Rc5 {[%emt 0:00:58]} Qb6 {[%emt 0:02:15]} 35. Qc3 {[%emt 0:03:39]} Qa6 {[%emt 0:01:38]} 36. Nb2 {[%emt 0:03:36]} h5 {[%emt 0:02:33]} 37. b4 {[%emt 0:01:42]} axb4 {[%emt 0:01:31]} 38. Qxb4 {[%emt 0:00:04]} Rae8 {[%emt 0:00:31]} 39. Re1 {[%emt 0:01:37]} Qa8 {[%emt 0:00:22]} 40. Ra5 {[%emt 0:05:47]} Qc8 {[%emt 0:00:24]} 41. Rc1 {[%emt 0:03:02]} Bxh3 {[%emt 0:06:30]} 42. gxh3 {[%emt 0:03:11]} Qxh3 {[%emt 0:00:10]} 43. Ra7 {[%emt 0:00:14]} Re4 {[%emt 0:00:59]} 44. Qxb7+ {[%emt 0:00:46]} R8e7 {[%emt 0:02:06]} 45. Qxe7+ {[%emt 0:00:22]} Rxe7 {[%emt 0:00:10]} 46. Rxe7+ {[%emt 0:00:01]} Kg6 {[%emt 0:00:53]} 47. Rxc6 {[%emt 0:03:24]} Qg4+ {[%emt 0:00:50]} 48. Kf1 {[%emt 0:00:06]} Qf5 {[%emt 0:00:21]} 49. Ree6 {[%emt 0:04:08]} Qb1+ {[%emt 0:01:04]} 50. Kg2 {[%emt 0:00:04]} Kf5 {[%emt 0:01:08]} 51. Rxf6+ {[%emt 0:05:25]} Kg4 {[%emt 0:00:12]} 52. Rce6 {[%emt 0:04:53]} Qxb2 {[%emt 0:00:47]} 53. Re5 {[%emt 0:00:23]} h4 {[%emt 0:00:28]} 54. Rff5 {[%emt 0:01:14]} h3+ {[%emt 0:00:28]} 55. Kh2 {[%emt 0:00:04]} Kh4 {[%emt 0:00:05]} 56. Rf6 {[%emt 0:02:29]} Qe2 {[%emt 0:01:54]} 57. Re7 {[%emt 0:01:45]} Qf1 {[%emt 0:00:32]} 58. Rh7+ {[%emt 0:00:08]} Kg4 {[%emt 0:00:25]} 59. f3+ {[%emt 0:00:02]} 1-0

[Event "Torneo Benidorm Gran Hotel Bali - B 2022"]
[Site "Benidorm ESP"]
[Date "2022.12.06"]
[Round "5.8"]
[White "Perez Garcia, Juan Angel"]
[Black "Domingo Moratalla, Julio"]
[Result "1-0"]
[WhiteElo "1893"]
[BlackElo "1725"]
[PlyCount "97"]
[EventDate "2022.12.03"]
[EventType "swiss"]
[EventRounds "9"]
[EventCountry "ESP"]
[SourceTitle "Ajedrez en Madrid"]
[Source "lmi"]
[SourceDate "2022.12.03"]
[SourceVersion "1"]
[SourceVersionDate "2022.12.10"]
[SourceQuality "1"]

1. d4 {[%emt 0:00:06]} d5 {[%emt 0:00:13]} 2. Bf4 {[%emt 0:00:32]} Nf6 {[%emt 0:00:09]} 3. e3 {[%emt 0:00:09]} Bf5 {[%emt 0:00:23]} 4. c4 {[%emt 0:00:15]} e6 {[%emt 0:00:53]} 5. Nc3 {[%emt 0:00:10]} c6 {[%emt 0:01:16]} 6. Qb3 {[%emt 0:00:50]} b6 {[%emt 0:00:27]} 7. Nf3 {[%emt 0:00:57]} Ne4 {[%emt 0:09:12]} 8. Bxb8 {[%emt 0:10:38]} Qxb8 {[%emt 0:03:33]} 9. cxd5 {[%emt 0:01:24]} exd5 {[%emt 0:04:02]} 10. Ne5 {[%emt 0:01:31]} Nxc3 {[%emt 0:08:42]} 11. Nxc6 {[%emt 0:06:57]} Qd6 {[%emt 0:03:17]} 12. bxc3 {[%emt 0:00:29]} Be7 {[%emt 0:03:23]} 13. Nxe7 {[%emt 0:01:30]} Kxe7 {[%emt 0:00:11]} 14. c4 {[%emt 0:03:32]} Be6 {[%emt 0:01:46]} 15. Rc1 {[%emt 0:06:05]} Rhc8 {[%emt 0:00:30]} 16. c5 {[%emt 0:01:36]} bxc5 {[%emt 0:04:39]} 17. Qb7+ {[%emt 0:13:49]} Qc7 {[%emt 0:02:15]} 18. Ba6 {[%emt 0:08:53]} c4 {[%emt 0:01:27]} 19. Qb4+ {[%emt 0:00:10]} Qd6 {[%emt 0:01:05]} 20. Qxd6+ {[%emt 0:00:10]} Kxd6 {[%emt 0:00:14]} 21. Bxc8 {[%emt 0:00:15]} Rxc8 {[%emt 0:03:04]} 22. Kd2 {[%emt 0:01:01]} Bf5 {[%emt 0:00:29]} 23. Rhe1 {[%emt 0:02:03]} Rb8 {[%emt 0:00:48]} 24. Kc3 {[%emt 0:00:17]} Bd3 {[%emt 0:01:16]} 25. f3 {[%emt 0:00:23]} f5 {[%emt 0:00:52]} 26. Rg1 {[%emt 0:03:20]} a5 {[%emt 0:03:52]} 27. g4 {[%emt 0:00:16]} fxg4 {[%emt 0:00:49]} 28. Rxg4 {[%emt 0:00:17]} Rf8 {[%emt 0:08:24]} 29. Rg3 {[%emt 0:00:53]} Be2 {[%emt 0:01:51]} 30. Kd2 {[%emt 0:00:12]} Bd3 {[%emt 0:00:22]} 31. Kc3 {[%emt 0:00:56]} g6 {[%emt 0:03:06]} 32. Re1 {[%emt 0:01:12]} Kc6 {[%emt 0:02:55]} 33. Rh3 {[%emt 0:03:06]} Rf7 {[%emt 0:00:57]} 34. Kd2 {[%emt 0:04:41]} Rb7 {[%emt 0:01:54]} 35. Kc3 {[%emt 0:02:06]} Rf7 36. Rg3 {[%emt 0:01:13]} Kd6 {[%emt 0:02:01]} 37. h4 {[%emt 0:01:09]} Kc6 {[%emt 0:03:43]} 38. Rh1 {[%emt 0:00:15]} Re7 {[%emt 0:00:34]} 39. Re1 {[%emt 0:01:10]} Rf7 {[%emt 0:00:10]} 40. Rh3 {[%emt 0:00:10]} Bf5 {[%emt 0:01:00]} 41. Rh2 {[%emt 0:00:12]} Bd3 {[%emt 0:00:23]} 42. Rf2 {[%emt 0:01:18]} Kd6 {[%emt 0:03:36]} 43. a4 {[%emt 0:00:17]} Kc6 {[%emt 0:02:37]} 44. Ra1 {[%emt 0:00:56]} Re7 {[%emt 0:00:13]} 45. Kd2 {[%emt 0:00:17]} Rb7 {[%emt 0:01:49]} 46. e4 {[%emt 0:05:13]} Rb2+ {[%emt 0:05:12]} 47. Ke3 {[%emt 0:00:37]} c3 48. Rc1 {[%emt 0:01:27]} Rxf2 {[%emt 0:04:57]} 49. Rxc3+ {[%emt 0:01:12]} 1-0

[Event "Torneo Benidorm Gran Hotel Bali - B 2022"]
[Site "Benidorm ESP"]
[Date "2022.12.06"]
[Round "5.9"]
[White "Duller Llopis, Jouke"]
[Black "Lloret Mauri, Jaime"]
[Result "0-1"]
[WhiteElo "1860"]
[BlackElo "1985"]
[PlyCount "108"]
[EventDate "2022.12.03"]
[EventType "swiss"]
[EventRounds "9"]
[EventCountry "ESP"]
[SourceTitle "Ajedrez en Madrid"]
[Source "lmi"]
[SourceDate "2022.12.03"]
[SourceVersion "1"]
[SourceVersionDate "2022.12.10"]
[SourceQuality "1"]

1. d4 {[%emt 0:01:51]} d5 {[%emt 0:00:29]} 2. c4 {[%emt 0:00:22]} e6 {[%emt 0:00:44]} 3. Nf3 {[%emt 0:02:26]} Nf6 {[%emt 0:00:06]} 4. e3 {[%emt 0:01:50]} Be7 {[%emt 0:00:22]} 5. Nbd2 {[%emt 0:02:35]} Nbd7 {[%emt 0:03:03]} 6. Bd3 {[%emt 0:01:11]} c5 {[%emt 0:01:43]} 7. b3 {[%emt 0:03:17]} cxd4 {[%emt 0:00:54]} 8. Nxd4 {[%emt 0:01:52]} Ne5 {[%emt 0:00:59]} 9. Be2 {[%emt 0:03:13]} O-O {[%emt 0:00:53]} 10. O-O {[%emt 0:00:59]} Bd7 {[%emt 0:04:16]} 11. Bb2 {[%emt 0:01:06]} dxc4 {[%emt 0:04:12]} 12. Nxc4 {[%emt 0:02:18]} Nxc4 {[%emt 0:03:36]} 13. Bxc4 {[%emt 0:00:12]} Qa5 {[%emt 0:00:31]} 14. Qe2 {[%emt 0:13:02]} e5 {[%emt 0:04:34]} 15. Nf3 {[%emt 0:09:30]} b5 {[%emt 0:00:43]} 16. Bxf7+ {[%emt 0:02:56]} Rxf7 {[%emt 0:03:14]} 17. Nxe5 {[%emt 0:00:34]} Rff8 {[%emt 0:00:13]} 18. Nxd7 {[%emt 0:00:41]} Nxd7 {[%emt 0:00:17]} 19. Bxg7 {[%emt 0:00:24]} Kxg7 {[%emt 0:03:10]} 20. Qg4+ {[%emt 0:00:13]} Kh8 {[%emt 0:00:16]} 21. Qxd7 {[%emt 0:00:29]} Bf6 {[%emt 0:00:30]} 22. Rac1 {[%emt 0:00:50]} Bc3 {[%emt 0:03:58]} 23. b4 {[%emt 0:10:34]} Qxb4 {[%emt 0:05:18]} 24. Rb1 {[%emt 0:00:23]} Qc4 {[%emt 0:00:18]} 25. Qxb5 {[%emt 0:03:13]} Qxa2 {[%emt 0:00:41]} 26. Qc6 {[%emt 0:02:59]} Rac8 {[%emt 0:03:53]} 27. Qd7 {[%emt 0:01:05]} Rcd8 {[%emt 0:05:42]} 28. Qc7 {[%emt 0:00:31]} Bg7 {[%emt 0:05:19]} 29. g3 {[%emt 0:10:34]} Rc8 {[%emt 0:03:24]} 30. Qd7 {[%emt 0:01:07]} Rb8 {[%emt 0:00:21]} 31. Rbc1 {[%emt 0:00:47]} Rf7 {[%emt 0:00:15]} 32. Qd6 {[%emt 0:02:25]} Rbf8 {[%emt 0:04:23]} 33. f4 {[%emt 0:00:48]} Qa4 {[%emt 0:05:35]} 34. Qc5 {[%emt 0:02:43]} Rd8 {[%emt 0:05:09]} 35. Qg5 {[%emt 0:01:42]} Re8 {[%emt 0:04:39]} 36. f5 {[%emt 0:07:29]} Bf6 {[%emt 0:02:51]} 37. Qh5 {[%emt 0:00:43]} Qb3 {[%emt 0:05:27]} 38. Rfe1 {[%emt 0:01:03]} Rfe7 {[%emt 0:00:36]} 39. e4 {[%emt 0:02:04]} Qb6+ {[%emt 0:03:36]} 40. Kh1 {[%emt 0:00:49]} Qb7 {[%emt 0:02:03]} 41. Qh6 {[%emt 0:00:30]} Bg7 {[%emt 0:01:28]} 42. Qc6 {[%emt 0:00:08]} Qb3 {[%emt 0:00:57]} 43. Kg2 {[%emt 0:01:55]} a5 {[%emt 0:02:57]} 44. Rc2 {[%emt 0:01:07]} Rf8 {[%emt 0:03:04]} 45. Qc5 {[%emt 0:01:02]} Ref7 {[%emt 0:02:20]} 46. Re3 {[%emt 0:01:09]} Qa4 {[%emt 0:01:22]} 47. Rc4 {[%emt 0:02:08]} Qa1 {[%emt 0:00:08]} 48. Ra3 {[%emt 0:00:39]} Qe1 {[%emt 0:00:57]} 49. Ra2 {[%emt 0:02:05]} Ra8 {[%emt 0:02:20]} 50. Qc6 {[%emt 0:01:03]} Rb8 {[%emt 0:00:32]} 51. Qd6 {[%emt 0:00:42]} Qb1 {[%emt 0:00:48]} 52. Rac2 {[%emt 0:00:26]} Rff8 {[%emt 0:00:21]} 53. e5 {[%emt 0:00:26]} Rxf5 {[%emt 0:00:23]} 54. e6 {[%emt 0:00:39]} Qf1# {[%emt 0:00:06]} 0-1